Salud mental y consumos : (Registro nro. 5818)
[ vista simple ]
| 000 -LEADER | |
|---|---|
| fixed length control field | 00966nab a22001817a 4500 |
| 003 - CONTROL NUMBER IDENTIFIER | |
| control field | OSt |
| 005 - DATE AND TIME OF LATEST TRANSACTION | |
| control field | 20260107000225.0 |
| 008 - FIXED-LENGTH DATA ELEMENTS--GENERAL INFORMATION | |
| fixed length control field | 190514b xxu||||| |||| 00| 0 spa d |
| 040 ## - CATALOGING SOURCE | |
| Transcribing agency | PJ |
| 100 ## - MAIN ENTRY--PERSONAL NAME | |
| 9 (RLIN) | 6694 |
| Personal name | Roldan, Cinthia Vanesa |
| 245 10 - TITLE STATEMENT | |
| Title | Salud mental y consumos : |
| Remainder of title | cuando consumidores somos todxs / |
| Statement of responsibility, etc | Cinthia Vanesa Roldan. |
| 300 ## - PHYSICAL DESCRIPTION | |
| Extent | p. 125-136 |
| 505 ## - FORMATTED CONTENTS NOTE | |
| Formatted contents note | Sumario: I. Introducción.— II. Desde dónde partimos.— III. ¿Qué nos dice el derecho sobre los consumos problemáticos?— IV. Algunas apreciaciones desde la sociología.— V. Tipos de consumo y su tratamiento en la Ley Plan IACOP.— VI. El anclaje social de las sustancias y los modelos de intervención.— VII. Palabras finales. |
| 505 ## - FORMATTED CONTENTS NOTE | |
| Title | Si te interesa el texto, comunicate a koha@justierradelfuego.gov.ar |
| 650 #0 - SUBJECT ADDED ENTRY--TOPICAL TERM | |
| 9 (RLIN) | 1272 |
| Topical term or geographic name as entry element | SALUD MENTAL |
| 773 0# - HOST ITEM ENTRY | |
| Host Biblionumber | 2844 |
| Host Itemnumber | 3222 |
| Place, publisher, and date of publication | Buenos Aires : AbeledoPerrot, 1989- |
| Title | Derecho de familia. N° 117 - Noviembre 2024 |
| International Standard Book Number | 18511201 |
| 942 ## - ADDED ENTRY ELEMENTS (KOHA) | |
| Source of classification or shelving scheme | |
| Koha item type | Analítica Artículo de Revista |
No hay ítems disponibles.
